Представление документа в формате RUSMARC

ПолеНазваниеЗначение
  Тип записи a
  Библиографический уровень m
001 Контрольный номер e788fc135474405a93125df7bdc52124
005 Дата корректировки 20140930063429.3
010 Индекс ISBN __
a ISBN 5-94798-809-7
101 Язык документа 0_
a Язык текста rus
102 Страна публикации __
a Страна публикации RU
200 Заглавие и сведения об ответственности 1_
a Заглавие Основы рекламы
b Общее обозначение материала Текст
e Сведения, относящиеся к заглавию учебник
205 Сведения об издании __
a Основные сведения об издании 8-е изд., перераб. и доп.
210 Выходные данные 1_
a Место издания М.
c Издательство Дашков и К
d Дата издания 2006
215 Физическое описание __
a Объем 526 с.
610 Ключевые слова 0_
a Ключевые слова реклама
a Ключевые слова история рекламы
a Ключевые слова правовое регулирование рекламной деятельности
a Ключевые слова психология рекламы
a Ключевые слова рекламная деятельность
a Ключевые слова паблик рилейшнз
686 Индексы других классификаций __
a Классификационный индекс 76.0
700 Автор _1
a Фамилия Панкратов
b Имя Ф. Г.
700 Автор _1
a Фамилия Баженов
b Имя Ю. К.
700 Автор _1
a Фамилия Шахурин
b Имя В. Г.
801 Источник записи _0
a Страна RU
b Организация РУК
g Правила каталогизации PSBO
801 Источник записи _1
a Страна RU
b Организация РУК
g Правила каталогизации PSBO
852 Данные о местонахождении __
i Авторский знак П 16
j Шифр хранения ББК 65.423
901 Тип документа __
t Тип документа m
937 Технологическая информация __
a Создатель записи (имя) Сюбаева
938 Служебная информация __
a Название организации Камчатский филиал
952 Тип литературы __
b Гриф литературы для ВШ гриф МО
c Вид литературы учебник